| 000 | 00606nam a2200193Ia 4500 | ||
|---|---|---|---|
| 003 | GCL | ||
| 008 | 140319s9999 xx 000 0 ara d | ||
| 040 |
_aGCL / _cGCL |
||
| 082 | 0 | 4 |
_a891.7 _bج ر |
| 100 | 1 | _aعبدالحليم البشلاوى | |
| 245 | 1 | 0 |
_aالرجل العجوز / _cعبدالحليم البشلاوى |
| 700 | 1 | _aجوركى، ماكسيم | |
| 260 |
_a[S.N] : _bمكتبة مصر ، _c1979 |
||
| 300 | _a102 ص | ||
| 490 |
_aمكتبة الفنون الدرامية _v0 |
||
| 650 | 0 | 4 | _aالادب الروسى |
| 650 | 0 | 4 | _aالمسرحيات الروسية |
| 942 |
_2ddc _cBK |
||
| 999 |
_c34318 _d34318 |
||